Football - Quizz en C - Statistiques

Statistiques générales
  • Ce quiz a été pris 137 fois
  • Le résultat moyen est 9 sur 20
Statistiques - réponses
Hint Réponse % Correct
Geste du football qui consiste à envoyer le ballon dans la surface de réparation depuis les côtés pour chercher un attaquant, soit en l'air pour une tête, soit à ras de terre pour une reprise du pied Centre
89%
Club de football basé dans un quartier de Londres, mes joueurs ont pour surnom les "Blues". J'ai vu passer en mon sein des joueurs tels que Didier Drogba, Eden Hazard ou encore Papi Djilobodgi. Chelsea
87%
Coup de pied de coin provoqué lorsqu'un défenseur a touché en dernier la balle franchissant la ligne de but. Un joueur va donc tirer le ballon, ce dernier étant positionné dans le petit triangle au coin du terrain. Corner
84%
Outil de travail indispensable du footballeur. Je peux être vissé ou encore moulé. Crampon
80%
Club de football écossais aux 54 titres domestiques, je joue en blanc et vert. Celtic Glasgow
77%
Latéral droit espagnol, l'essentiel de ma carrière s'est réalisée au Real Madrid, mis à part un prêt dans ma jeunesse au Bayer Leverkusen. Je suis encore actuellement un indéboulonnable du XI d'Ancelotti. Daniel CARVAJAL
70%
Milieu offensif anglais, je suis considéré comme une légende dans mon pays et en Europe. J'ai gagné la coupe du monde 1966 ainsi que le Ballon d'Or la même année. J'ai joué 758 matchs pour 249 avec Manchester United. Bobby CHARLTON
67%
Famille néerlandaise très connue dans le monde du football, le père est une icône du football du XXè siècle et possède encore aujourd'hui une influence considérable. Le fils est également dans le monde du football, avec moins de succès. CRUYFF
62%
Club de football français évoluant actuellement en National 2, j'ai pourtant été un fleuron national, notamment grâce à mon centre de formation. Ce dernier a permis de faire éclore des joueurs comme Zinédine Zidane, Gael Clichy, Patrick Vieira ou encore Johan Micoud. As Cannes
60%
Attaquant anglais, je fus considéré comme un espoir du football en Premier League avant d'enchainer les déceptions après mon transfert de Newcastle à Liverpool. J'évolue actuellement en France, d'abord à Amiens puis aujourd'hui à Bordeaux. Andy CARROLL
54%
Principe de jeu signifiant en français "verrou", mon approche tactique consiste à me baser sur une assise défensive redoutable. Popularisé par des entraîneurs tels que Helenio Herrera ainsi qu'Arigo Sacchi. Catenaccio
47%
Arbitre mythique du football des années 90 et 2000, je suis célèbre au point d'avoir eu ma tête sur la jaquette d'un PES. Pierluigi COLLINA
38%
Sponsor historique de Liverpool depuis 1992 et toujours aujourd'hui, j'ai été sur le maillot des Reds à l'époque de la victoire en Champions League 2005. Carlsberg
32%
Club mexicain fondé en 1927, mes rivaux sont le Club America et les Tigres de Monterrey. Mes couleurs sont le bleu et le blanc. Mon logo possède une croix bleu en son milieu. Cruz Azul
20%
Antre du Fulham FC, j'ai été inauguré en 1896. Craven Cottage
19%
Fond de capital-investissement basé au Luxembourg, je suis surtout connu dans le football grâce à la LFP, qui a fait appel à moi pour combler mes pertes financières durant le Covid. Aujourd'hui, je récupère plus de 20% des droits TV de la Ligue 1 par an. CVC
14%
D'abord joueur en Serie A dans les années 70 (Roma, Juve, Milan), j'ai connu un succès encore plus important lorsque je suis devenu entraineur. J'ai coaché entre autres le Milan AC, le Real Madrid, la Roma ou encore la Juventus. Fabio CAPELLO
10%
Nom donné au meilleur buteur du Championnat d'Italie de football. Capocannoniere
3%
Ancêtre de la Coupe de l'UEFA et de la Ligue Europa, ma dernière édition s'est tenue en 1971. Je tiens mon nom du fait que l'on souhaitait promouvoir les foires internationales via le football. Coupe internationale des Villes de Foire
2%
Emission de football phare de Canal + diffusée le dimanche soir. Mes plus illustres protagonistes sont Hervé Mathoux, Pierre Ménès ou encore Dominique Armand. Canal Football Club (CFC)
1%
Aucun quiz correspondant
Distribution des résultats
% des personnes avec chaque résultat
Percentile par nombre de réponses
Votre historique - résultats
Vous n’avez pas pris ce quiz